Guide to managing people

Bibliographic Details
Main Author: Fleet, James K. Van
Format: Book
Published: West Nyack, New York : Parker Publishing , 1968
Subjects:

MARC

LEADER 00000cam a2200000 7i4500
001 0000002950
005 20030609.0
040 |a INS 
090 0 0 |a HF5549.   |b V33 1968 
100 1 |a Fleet, James K. Van 
245 1 0 |a Guide to managing people   |c James K. Van Fleet 
260 |a West Nyack, New York :   |b Parker Publishing ,   |c 1968 
300 |a xii, 159p. ;   |c 28 cm. 
650 0 0 |a Management 
999 |a 0000001612   |b BOOK   |c Open Shelf   |e Default branch